[Event "BL 0809 Schachfr. Berlin - SG Turm Trie"]
[Site "?"]
[Date "2009.02.28"]
[Round "12.2"]
[White "Miezis, Normunds"]
[Black "Cyborowski, Lukasz"]
[Result "1/2-1/2"]
[WhiteElo "2557"]
[BlackElo "2504"]
[PlyCount "56"]
[EventDate "2009.??.??"]

1. c4 Nf6 2. Nc3 d5 3. cxd5 Nxd5 4. g3 c5 5. Bg2 Nc7 6. Nf3 Nc6 7. d3 e5 8. Nd2
Bd7 9. O-O Be7 10. Nc4 f6 11. a4 O-O 12. Kh1 Be6 13. f4 exf4 14. gxf4 Qd7 15.
Qe1 Rad8 16. Qg3 Nd4 17. Rb1 Nd5 18. Qf2 Nb4 19. Be3 b6 20. Rg1 Nbc6 21. Rbf1
f5 22. Qg3 Bf6 23. Ne5 Bxe5 24. fxe5 Rf7 25. Bf4 Nb4 26. Bg5 Rdf8 27. e3 Ndc6
28. Rd1 a6 1/2-1/2

[Event "BL 0809 Schachfr. Berlin - SG Turm Trie"]
[Site "?"]
[Date "2009.02.28"]
[Round "12.5"]
[White "Seger, Ruediger"]
[Black "Schneider, Ilja"]
[Result "1/2-1/2"]
[WhiteElo "2394"]
[BlackElo "2486"]
[PlyCount "54"]
[EventDate "2009.??.??"]

1. e4 e5 2. Nf3 Nc6 3. Bb5 a6 4. Bxc6 dxc6 5. O-O Ne7 6. Nxe5 Qd4 7. Qh5 g6 8.
Qg5 Bg7 9. Nd3 f5 10. e5 b6 11. b3 c5 12. Bb2 Qg4 13. Qe3 Nd5 14. Qe1 f4 15. f3
Qg5 16. Nc3 Nxc3 17. dxc3 Bf5 18. c4 O-O-O 19. Qe2 Rhe8 20. Rfe1 Re6 21. Rad1
Rde8 22. Qd2 Bxd3 23. cxd3 Bxe5 24. Bxe5 Rxe5 25. Re4 Rf8 26. Qe2 Rfe8 27. Qd2
Rf8 1/2-1/2

[Event "BL 0809 Schachfr. Berlin - SG Turm Trie"]
[Site "?"]
[Date "2009.02.28"]
[Round "12.6"]
[White "Thiede, Lars"]
[Black "Kolbus, Dietmar"]
[Result "1/2-1/2"]
[WhiteElo "2464"]
[BlackElo "2414"]
[PlyCount "107"]
[EventDate "2009.??.??"]

1. g3 d5 2. Bg2 c6 3. d3 g6 4. Nf3 Bg7 5. O-O e5 6. e4 Ne7 7. Qe2 Qc7 8. Re1 d4
9. c3 c5 10. cxd4 cxd4 11. Na3 O-O 12. Bd2 Nec6 13. Rec1 Qe7 14. Nc4 b5 15. Na5
Nxa5 16. Bxa5 Na6 17. Rc2 Bd7 18. Rac1 Rac8 19. Ne1 Qd6 20. Qd2 Rxc2 21. Rxc2
Rc8 22. Rxc8+ Bxc8 23. Bf3 Be6 24. a3 Nb8 25. Qc2 Qc6 26. Bd1 Qxc2 27. Bxc2 Nc6
28. Bc7 Kf8 29. Bd6+ Ke8 30. f4 f6 31. Nf3 Kd7 32. Bc5 Ke8 33. Kf2 Bf8 34. Bxf8
Kxf8 35. fxe5 fxe5 36. Nd2 Ke7 37. Bb3 Nd8 38. Kf3 Bxb3 39. Nxb3 Ne6 40. Ke2
Kd6 41. Nd2 Ke7 42. b4 Kf6 43. Nb3 Ke7 44. Kf3 h5 45. Kf2 g5 46. h3 Kd6 47. Nd2
Ke7 48. Nf3 Kf6 49. Ke2 Nc7 50. h4 g4 51. Nd2 Ke7 52. Nb3 Ne6 53. Na5 Kd7 54.
Nb3 1/2-1/2

[Event "BL 0809 Schachfr. Berlin - SG Turm Trie"]
[Site "?"]
[Date "2009.02.28"]
[Round "12.7"]
[White "Cioara, Andrei Nestor"]
[Black "Rudolf, Henrik"]
[Result "1-0"]
[WhiteElo "2452"]
[BlackElo "2368"]
[PlyCount "103"]
[EventDate "2009.??.??"]

1. d4 Nf6 2. c4 g6 3. Nc3 Bg7 4. Nf3 O-O 5. g3 d6 6. Bg2 Nbd7 7. O-O e5 8. h3
Re8 9. e4 exd4 10. Nxd4 Nc5 11. Re1 Bd7 12. Rb1 Qc8 13. Kh2 a6 14. a4 h6 15. f4
a5 16. Ndb5 Bc6 17. Qc2 b6 18. b3 Qb7 19. Bb2 Nfxe4 20. Nxe4 Bxe4 21. Bxe4 Nxe4
22. Bxg7 Kxg7 23. Nxc7 Qxc7 24. Rxe4 Qc6 25. Rbe1 Rad8 26. Qc3+ Kg8 27. Qd4
Rxe4 28. Rxe4 Qc5 29. Kg2 h5 30. Kf3 Qc6 31. Kf2 Qc5 32. Ke2 Qf5 33. Re3 Qc5
34. Qf6 Rf8 35. f5 Qxf5 36. Qxf5 gxf5 37. Re7 h4 38. gxh4 Kg7 39. Kf3 d5 40.
cxd5 Rd8 41. Re5 Kg6 42. h5+ Kxh5 43. Rxf5+ Kg6 44. Kg4 b5 45. axb5 Rd6 46. h4
Rb6 47. h5+ Kg7 48. Rf3 Rxb5 49. Rd3 Kf6 50. d6 Rb4+ 51. Kf3 Rb8 52. d7 1-0

[Event "BL 0809 Schachfr. Berlin - SG Turm Trie"]
[Site "?"]
[Date "2009.02.28"]
[Round "12.8"]
[White "Thinius, Marco"]
[Black "Korman, Maxim"]
[Result "1-0"]
[WhiteElo "2421"]
[BlackElo "2151"]
[PlyCount "109"]
[EventDate "2009.??.??"]

1. e4 e5 2. Nf3 Nf6 3. Nxe5 d6 4. Nf3 Nxe4 5. d4 d5 6. Bd3 Nc6 7. O-O Be7 8. c4
Nb4 9. cxd5 Nxd3 10. Qxd3 Qxd5 11. Re1 Bf5 12. g4 Bg6 13. Nc3 Nxc3 14. Qxc3 f6
15. Bf4 Kf7 16. h4 h5 17. Qxc7 Rhe8 18. Ng5+ fxg5 19. Bxg5 Be4 20. Rac1 Rad8
21. Qf4+ Bf6 22. Rc7+ Kg6 23. gxh5+ Kxh5 24. Bxf6 Bh1 25. Re5+ Rxe5 26. Qxe5+
Qxe5 27. Bxe5 Bd5 28. Bxg7 Rg8 29. Kf1 Kxh4 30. Ke2 Kg4 31. Ke3 Kf5 32. Re7 Bc6
33. Be5 Rg6 34. a3 Rh6 35. Kd3 Rh1 36. Bg3 Rd1+ 37. Kc3 Kf6 38. Re5 a6 39. b3
Bg2 40. Bh4+ Kf7 41. Bg5 Rh1 42. d5 Rd1 43. Bd2 Kf6 44. d6 Bc6 45. Re7 Rg1 46.
Be3 Rg8 47. Bd4+ Kg6 48. Kb4 Rf8 49. Rg7+ Kf5 50. Kc5 Ke4 51. Re7+ Kd3 52. Re3+
Kc2 53. Rc3+ Kb1 54. Kb6 Rf7 55. Rxc6 1-0

[Event "BL 0809 SV Mülheim Nord - Bayern Münche"]
[Site "?"]
[Date "2009.03.01"]
[Round "13.1"]
[White "Marcelin, Cyril"]
[Black "Kasimdzhanov, Rustam"]
[Result "0-1"]
[WhiteElo "2494"]
[BlackElo "2672"]
[PlyCount "44"]
[EventDate "2009.??.??"]

1. d4 Nf6 2. Bg5 d6 3. Bxf6 exf6 4. e4 f5 5. exf5 Bxf5 6. Bd3 Bc8 7. Nc3 c6 8.
Nf3 Be7 9. O-O O-O 10. Re1 d5 11. Ne5 Bd6 12. Ne2 Nd7 13. Ng3 g6 14. c4 Nxe5
15. dxe5 Bb4 16. Re2 Bg4 17. f3 Be6 18. b3 Qh4 19. cxd5 cxd5 20. Kh1 Qf4 21.
Qc1 Qd4 22. Bc2 Rfc8 0-1

[Event "BL 0809 SV Mülheim Nord - Bayern Münche"]
[Site "?"]
[Date "2009.03.01"]
[Round "13.2"]
[White "Vachier-Lagrave, Maxime"]
[Black "Renner, Christoph"]
[Result "1-0"]
[WhiteElo "2716"]
[BlackElo "2422"]
[PlyCount "126"]
[EventDate "2009.??.??"]

1. e4 e5 2. Nf3 Nc6 3. Bb5 a6 4. Ba4 Nf6 5. O-O Be7 6. Re1 b5 7. Bb3 O-O 8. d3
d6 9. c3 Na5 10. Bc2 c5 11. Nbd2 Nc6 12. Nf1 Re8 13. a4 b4 14. Ne3 Bf8 15. Nd5
Nxd5 16. exd5 Ne7 17. cxb4 cxb4 18. d4 Ng6 19. Bg5 f6 20. Bd2 Qa5 21. dxe5 dxe5
22. Nd4 Bd7 23. Nc6 Qb6 24. a5 Qb7 25. Rc1 Rac8 26. Qe2 e4 27. Bb3 Kh8 28. Bc4
Ra8 29. Qe3 Ne5 30. Qb6 Bxc6 31. dxc6 Qxc6 32. Qxc6 Nxc6 33. Bd5 Nxa5 34. Bxa8
Rxa8 35. Rxe4 Nb3 36. Rc2 Rd8 37. Be1 a5 38. Kf1 Kg8 39. Re3 Nc5 40. b3 Kf7 41.
Ra2 Nb7 42. Ke2 Bd6 43. f3 Bxh2 44. Bf2 Bd6 45. Rd3 Ke6 46. Bb6 Ra8 47. Bd4 h5
48. Rd1 Rc8 49. Be3 Rc3 50. Rd3 Rc6 51. Kd1 h4 52. Re2 Kf7 53. Rc2 Ra6 54. Rc4
g5 55. f4 g4 56. f5 h3 57. gxh3 gxh3 58. Bf4 a4 59. bxa4 Bxf4 60. Rd7+ Ke8 61.
Rxb7 Rd6+ 62. Ke2 h2 63. Rh7 Rd2+ 1-0

[Event "BL 0809 SV Mülheim Nord - Bayern Münche"]
[Site "?"]
[Date "2009.03.01"]
[Round "13.3"]
[White "Heinzel, Olaf"]
[Black "Tregubov, Pavel V"]
[Result "0-1"]
[WhiteElo "2378"]
[BlackElo "2646"]
[PlyCount "86"]
[EventDate "2009.??.??"]

1. c4 c5 2. Nf3 Nc6 3. Nc3 e5 4. g3 g6 5. Bg2 Bg7 6. O-O d6 7. a3 Nge7 8. Rb1
a5 9. b3 O-O 10. Bb2 h6 11. Ne1 Be6 12. Nd5 Rb8 13. Nc2 b5 14. Nce3 Kh7 15.
Nxe7 Nxe7 16. a4 b4 17. f4 f5 18. Nd5 Bxd5 19. cxd5 e4 20. Bxg7 Kxg7 21. d3
Nxd5 22. dxe4 Nc3 23. Qd3 fxe4 24. Bxe4 d5 25. Bf3 Qb6 26. Kg2 Nxb1 27. Rxb1 d4
28. e4 dxe3 29. Qxe3 Rfe8 30. Qf2 c4 31. bxc4 Qxf2+ 32. Kxf2 Rec8 33. Bd5 b3
34. Ke3 Rb4 35. Kd3 Kf6 36. Kc3 Re8 37. c5 Re3+ 38. Kd2 Re7 39. Kc3 Rxa4 40.
Bxb3 Rb4 41. Bc2 Re3+ 42. Kd2 Ra3 43. c6 Rd4+ 0-1

[Event "BL 0809 SV Mülheim Nord - Bayern Münche"]
[Site "?"]
[Date "2009.03.01"]
[Round "13.4"]
[White "Landa, Konstantin"]
[Black "Rodewis, Thomas Dr"]
[Result "1-0"]
[WhiteElo "2613"]
[BlackElo "2376"]
[PlyCount "53"]
[EventDate "2009.??.??"]

1. e4 c5 2. Nc3 Nc6 3. Nf3 Nf6 4. d4 d5 5. exd5 Nxd5 6. dxc5 Nxc3 7. Qxd8+ Kxd8
8. bxc3 f6 9. Be3 e5 10. Bc4 Kc7 11. Nd2 Be7 12. O-O-O Bf5 13. f3 Rad8 14. h4
Na5 15. Bb3 Kc6 16. Ba4+ Kc7 17. h5 Be6 18. Bb3 Nxb3+ 19. axb3 Kc6 20. Kb2 f5
21. f4 exf4 22. Bxf4 Bd5 23. c4 Bxg2 24. Rhg1 Bf6+ 25. c3 Be4 26. b4 a5 27. b5+
1-0

[Event "BL 0809 SV Mülheim Nord - Bayern Münche"]
[Site "?"]
[Date "2009.03.01"]
[Round "13.5"]
[White "Terekhov, Andrey"]
[Black "Fridman, Daniel"]
[Result "0-1"]
[WhiteElo "2322"]
[BlackElo "2630"]
[PlyCount "70"]
[EventDate "2009.??.??"]

1. d4 e6 2. c4 Nf6 3. Nf3 c5 4. Nc3 d5 5. dxc5 Bxc5 6. e3 O-O 7. a3 Nc6 8. b4
Bd6 9. Bb2 a5 10. b5 Ne5 11. Nxe5 Bxe5 12. Na4 Bxb2 13. Nxb2 Ne4 14. Qd4 a4 15.
Nd3 Nd6 16. cxd5 Nxb5 17. Qb4 Qxd5 18. Nc5 Nc7 19. Nxa4 Qe5 20. Qc3 Qd6 21. Nb2
b5 22. Be2 b4 23. Qb3 Qd5 24. Qxd5 Nxd5 25. Nc4 Ba6 26. e4 Nf4 27. Nb6 Bxe2 28.
Nxa8 Rxa8 29. Kd2 Rd8+ 30. Ke1 b3 31. Rb1 Bd3 32. Rb2 Bc2 33. Rf1 Bd3 34. Rh1
Be2 35. Rb1 b2 0-1

[Event "BL 0809 SV Mülheim Nord - Bayern Münche"]
[Site "?"]
[Date "2009.03.01"]
[Round "13.7"]
[White "Unzicker, Ferdinand Dr"]
[Black "Saltaev, Mihail"]
[Result "1/2-1/2"]
[WhiteElo "2313"]
[BlackElo "2484"]
[PlyCount "22"]
[EventDate "2009.??.??"]

1. d4 d5 2. c4 c6 3. Nf3 Nf6 4. e3 e6 5. b3 Nbd7 6. Bb2 Ne4 7. Bd3 f5 8. O-O
Be7 9. Ba3 O-O 10. Bxe7 Qxe7 11. Qc2 Rf6 1/2-1/2

[Event "BL 0809 SV Mülheim Nord - Bayern Münche"]
[Site "?"]
[Date "2009.03.01"]
[Round "13.8"]
[White "Schebler, Gerhard"]
[Black "Lentrodt, Thomas"]
[Result "1-0"]
[WhiteElo "2467"]
[BlackElo "2301"]
[PlyCount "105"]
[EventDate "2009.??.??"]

1. d4 Nf6 2. Nf3 e6 3. e3 c5 4. Bd3 Nc6 5. O-O d5 6. b3 cxd4 7. exd4 Be7 8. a3
O-O 9. Nbd2 Qb6 10. Bb2 Bd7 11. Re1 a5 12. a4 Rfc8 13. c3 Be8 14. Qb1 g6 15.
Qd1 Nd7 16. Nf1 Bf6 17. h4 Qc7 18. h5 Bg7 19. hxg6 hxg6 20. Ne3 Nf6 21. Rc1 Qd6
22. Nc2 Bh6 23. Rb1 Nd7 24. Ba3 Qc7 25. Ne3 Nf6 26. Qe2 Bd7 27. Nf1 Kg7 28.
N1h2 Rh8 29. g3 Rh7 30. Kg2 Rah8 31. Rh1 Kg8 32. Bb2 Bg7 33. Ng5 Rh5 34. Nhf3
Rxh1 35. Rxh1 Rxh1 36. Kxh1 Nh5 37. Kg1 e5 38. dxe5 Nxe5 39. Nxe5 Bxe5 40. Qe3
Bf6 41. Nxf7 Kxf7 42. Qh6 Ng7 43. Qxg6+ Ke7 44. Ba3+ Ke6 45. Bf1 Nf5 46. Bh3
Ke5 47. Qg4 Bd8 48. Bc1 Qc8 49. Bf4+ Kf6 50. Bg5+ Kf7 51. Qh5+ Kg7 52. Bxd8 Qc7
53. Be7 1-0

[Event "BL 0809 SF Katernberg - TV Tegernsee"]
[Site "?"]
[Date "2009.03.01"]
[Round "13.1"]
[White "Khenkin, Igor"]
[Black "Postny, Evgeny"]
[Result "1/2-1/2"]
[WhiteElo "2647"]
[BlackElo "2674"]
[PlyCount "21"]
[EventDate "2009.??.??"]

1. d4 Nf6 2. c4 e6 3. Nc3 Bb4 4. f3 c5 5. d5 O-O 6. e4 d6 7. Nge2 b5 8. Ng3
bxc4 9. Bxc4 Bxc3+ 10. bxc3 Qa5 11. Ne2 1/2-1/2

[Event "BL 0809 SF Katernberg - TV Tegernsee"]
[Site "?"]
[Date "2009.03.01"]
[Round "13.3"]
[White "Bischoff, Klaus"]
[Black "Glek, Igor V"]
[Result "0-1"]
[WhiteElo "2545"]
[BlackElo "2512"]
[PlyCount "103"]
[EventDate "2009.??.??"]

1. d4 e6 2. c4 Bb4+ 3. Bd2 Bxd2+ 4. Qxd2 f5 5. g3 Nf6 6. Bg2 O-O 7. Nf3 d6 8.
O-O Qe7 9. Nc3 c6 10. Rfe1 d5 11. b3 Nbd7 12. e3 b6 13. Qb2 Ba6 14. Rec1 Rac8
15. Ne2 Rfe8 16. cxd5 cxd5 17. Nf4 Ne4 18. h4 Qd6 19. Bf1 Bxf1 20. Kxf1 a5 21.
Kg2 b5 22. Rxc8 Rxc8 23. Rc1 Rc6 24. Rxc6 Qxc6 25. Qa3 Qc2 26. Nh3 a4 27. Qe7
Nf8 28. Ne5 Qc8 29. Nf4 Nf6 30. Qf7+ Kh8 31. h5 Qe8 32. h6 Qxf7 33. Nxf7+ Kg8
34. hxg7 N8d7 35. Nd6 axb3 36. axb3 e5 37. dxe5 Nxe5 38. Nxb5 Nc6 39. Nd6 d4
40. Nxf5 dxe3 41. fxe3 Kf7 42. Nd3 Nd5 43. e4 Nde7 44. Nxe7 Nxe7 45. Kf3 Kxg7
46. e5 Nf5 47. b4 Kf7 48. g4 Nd4+ 49. Ke4 Nb5 50. Kd5 Kg6 51. Kc6 Nd4+ 52. Kd7
0-1

[Event "BL 0809 SF Katernberg - TV Tegernsee"]
[Site "?"]
[Date "2009.03.01"]
[Round "13.4"]
[White "Seel, Christian"]
[Black "Boensch, Uwe"]
[Result "1/2-1/2"]
[WhiteElo "2494"]
[BlackElo "2523"]
[PlyCount "31"]
[EventDate "2009.??.??"]

1. Nf3 Nf6 2. c4 e6 3. Nc3 Bb4 4. g3 b6 5. Bg2 Bb7 6. O-O O-O 7. d3 d5 8. cxd5
exd5 9. Bf4 Bd6 10. Qd2 c5 11. Nh4 Bxf4 12. Qxf4 Nc6 13. Nf5 Ne7 14. d4 Qd7 15.
Nxe7+ Qxe7 16. Rfd1 1/2-1/2

[Event "BL 0809 SF Katernberg - TV Tegernsee"]
[Site "?"]
[Date "2009.03.01"]
[Round "13.5"]
[White "Kindermann, Stefan"]
[Black "Siebrecht, Sebastian"]
[Result "1/2-1/2"]
[WhiteElo "2517"]
[BlackElo "2451"]
[PlyCount "24"]
[EventDate "2009.??.??"]

1. e4 c5 2. Nf3 g6 3. d4 cxd4 4. Nxd4 Bg7 5. c4 Nc6 6. Nc2 d6 7. Be2 b6 8. O-O
Bb7 9. f3 Rc8 10. Ne3 Nf6 11. Nc3 Nd7 12. Bd2 Nd4 1/2-1/2

[Event "BL 0809 SF Katernberg - TV Tegernsee"]
[Site "?"]
[Date "2009.03.01"]
[Round "13.6"]
[White "Ris, Robert"]
[Black "Bromberger, Stefan"]
[Result "1/2-1/2"]
[WhiteElo "2417"]
[BlackElo "2504"]
[PlyCount "42"]
[EventDate "2009.??.??"]

1. d4 Nf6 2. Nf3 g6 3. c4 Bg7 4. Nc3 O-O 5. e4 d6 6. Be2 e5 7. Be3 Na6 8. O-O
Ng4 9. Bg5 Qe8 10. dxe5 dxe5 11. h3 f6 12. Bd2 Nh6 13. c5 Nxc5 14. Qc1 Nf7 15.
Nd5 Ne6 16. Nxc7 Nxc7 17. Qxc7 Nd8 18. Rfc1 Be6 19. b4 Rf7 20. Qc3 Bf8 21. Qb2
a6 1/2-1/2

[Event "BL 0809 SF Katernberg - TV Tegernsee"]
[Site "?"]
[Date "2009.03.01"]
[Round "13.7"]
[White "Hertneck, Gerald"]
[Black "Souleidis, Georgios"]
[Result "1-0"]
[WhiteElo "2519"]
[BlackElo "2440"]
[PlyCount "77"]
[EventDate "2009.??.??"]

1. d4 Nf6 2. c4 g6 3. Nc3 Bg7 4. e4 d6 5. f3 O-O 6. Be3 Nbd7 7. Qd2 c5 8. d5
Ne5 9. Bh6 Bxh6 10. Qxh6 e6 11. Nh3 exd5 12. cxd5 Bxh3 13. Qxh3 Qb6 14. O-O-O
c4 15. Kb1 Rfe8 16. Qh4 Kg7 17. Be2 Rac8 18. Rhe1 Qc5 19. Rc1 b5 20. Nd1 Qb4
21. Qf2 Qa5 22. a3 b4 23. axb4 Qxb4 24. Rc3 Ned7 25. Qd4 Nb6 26. g4 h6 27. h4
Re5 28. Rf1 Kh7 29. Rf2 Nfd7 30. f4 Re7 31. h5 Qc5 32. hxg6+ fxg6 33. Qd2 Rxe4
34. Rh3 Nxd5 35. f5 N7f6 36. Qxh6+ Kg8 37. Qxg6+ Kf8 38. Rh8+ Ke7 39. Qg7# 1-0

[Event "BL 0809 SC Kreuzberg - SV Wattenscheid"]
[Site "?"]
[Date "2009.03.01"]
[Round "13.1"]
[White "Macieja, Bartlomiej"]
[Black "Luther, Thomas"]
[Result "1-0"]
[WhiteElo "2600"]
[BlackElo "2532"]
[PlyCount "87"]
[EventDate "2009.??.??"]

1. e4 e6 2. d4 d5 3. Nc3 Nf6 4. e5 Nfd7 5. f4 c5 6. Nf3 Nc6 7. Be3 cxd4 8. Nxd4
Qb6 9. a3 Bc5 10. Ncb5 Nxd4 11. Bxd4 O-O 12. b4 Bxd4 13. Qxd4 f6 14. exf6 Rxf6
15. g3 a5 16. Qxb6 Nxb6 17. Rb1 axb4 18. axb4 Bd7 19. Nd4 e5 20. fxe5 Re8 21.
Kd2 Rxe5 22. Bd3 Rf2+ 23. Kc3 Re8 24. Rbf1 Rc8+ 25. Kb3 Rg2 26. b5 Nc4 27. Re1
Nd2+ 28. Kb4 Ne4 29. Bxe4 dxe4 30. Rxe4 Be8 31. Nf5 Ra8 32. c4 Bh5 33. Re7 Bg6
34. Ne3 Re2 35. Rd1 Kf8 36. Re5 Rxh2 37. Nd5 Rb2+ 38. Kc5 Rc2 39. Rf1+ Kg8 40.
Ne7+ Kh8 41. Nxg6+ hxg6 42. Rf4 Rc8+ 43. Kb6 R2xc4 44. Rxc4 1-0

[Event "BL 0809 SC Kreuzberg - SV Wattenscheid"]
[Site "?"]
[Date "2009.03.01"]
[Round "13.2"]
[White "Shengelia, Davit"]
[Black "Rustemov, Alexander"]
[Result "1/2-1/2"]
[WhiteElo "2547"]
[BlackElo "2520"]
[PlyCount "38"]
[EventDate "2009.??.??"]

1. d4 d5 2. Nf3 Nf6 3. e3 g6 4. c4 Bg7 5. cxd5 O-O 6. Be2 Nxd5 7. O-O Nb6 8.
Nc3 Nc6 9. h3 a5 10. Re1 a4 11. Bb5 a3 12. bxa3 e5 13. Bxc6 exd4 14. exd4 bxc6
15. Bg5 f6 16. Qb3+ Kh8 17. Bf4 Bf5 18. Ne4 Nd5 19. Bg3 Bxe4 1/2-1/2

[Event "BL 0809 SC Kreuzberg - SV Wattenscheid"]
[Site "?"]
[Date "2009.03.01"]
[Round "13.4"]
[White "Schilow, Vladimir"]
[Black "Handke, Florian"]
[Result "1/2-1/2"]
[WhiteElo "2410"]
[BlackElo "2498"]
[PlyCount "50"]
[EventDate "2009.??.??"]

1. e4 c5 2. Nf3 e6 3. d4 cxd4 4. Nxd4 a6 5. Bd3 Bc5 6. Nb3 Be7 7. c4 d6 8. Nc3
Nf6 9. Be3 O-O 10. O-O b6 11. a4 Nc6 12. f4 Bb7 13. Nd4 Nb4 14. Rc1 Rc8 15. b3
d5 16. cxd5 exd5 17. e5 Ne4 18. Nce2 Rxc1 19. Bxc1 Qc7 20. Bb2 Bc8 21. Ng3 Bc5
22. Kh1 Bg4 23. Be2 Bc8 24. Bd3 Bg4 25. Be2 Bc8 1/2-1/2

[Event "BL 0809 SC Kreuzberg - SV Wattenscheid"]
[Site "?"]
[Date "2009.03.01"]
[Round "13.5"]
[White "Dinstuhl, Volkmar Dr"]
[Black "Richter, Michael"]
[Result "0-1"]
[WhiteElo "2436"]
[BlackElo "2421"]
[PlyCount "76"]
[EventDate "2009.??.??"]

1. d4 d5 2. c4 c6 3. Nf3 e6 4. e3 f5 5. Bd3 Bd6 6. O-O Nd7 7. b3 Qe7 8. a4 Nh6
9. Ba3 O-O 10. Qc1 e5 11. Bxd6 Qxd6 12. dxe5 Nxe5 13. Nxe5 Qxe5 14. Nd2 Be6 15.
Nf3 Qf6 16. cxd5 Bxd5 17. Bc4 Rad8 18. Rd1 Qe6 19. Ng5 Qe5 20. f4 Qe7 21. Bxd5+
cxd5 22. Rd3 Rfe8 23. Qd2 Ng4 24. Re1 Nf6 25. Qa5 b6 26. Qb5 Rc8 27. Rxd5 Rc1
28. Rdd1 Rxd1 29. Rxd1 Qxe3+ 30. Kh1 Qxf4 31. Nf3 h6 32. a5 bxa5 33. Qxa5 Re3
34. h3 Rxf3 35. Qd8+ Kh7 36. gxf3 Qxf3+ 37. Kh2 Qf2+ 38. Kh1 Ne4 0-1

[Event "BL 0809 SC Kreuzberg - SV Wattenscheid"]
[Site "?"]
[Date "2009.03.01"]
[Round "13.6"]
[White "Kalinitschew, Sergey"]
[Black "Tereick, Benjamin"]
[Result "1-0"]
[WhiteElo "2492"]
[BlackElo "2356"]
[PlyCount "121"]
[EventDate "2009.??.??"]

1. d4 e6 2. c4 Bb4+ 3. Nd2 b6 4. a3 Bxd2+ 5. Qxd2 Nf6 6. e3 O-O 7. Ne2 Ba6 8.
Nc3 d5 9. b3 Nc6 10. Rb1 Na5 11. Be2 c5 12. dxc5 bxc5 13. cxd5 Bxe2 14. Qxe2
exd5 15. O-O Rb8 16. b4 cxb4 17. axb4 Qc7 18. Bd2 Nc4 19. Rfc1 Nxd2 20. Qxd2
Qe5 21. h3 Rfc8 22. Ne2 Ne4 23. Qd4 Qxd4 24. Nxd4 Kf8 25. Rxc8+ Rxc8 26. Ra1
Rc7 27. Nb5 Rb7 28. Nxa7 g6 29. Nc6 Rb6 30. Rc1 Nd6 31. Rc5 Ne4 32. Rc2 Nd6 33.
Rc5 Ne4 34. Rc1 Nd6 35. g4 h6 36. h4 Nc4 37. Nd4 Rxb4 38. h5 Ne5 39. hxg6 Nxg4
40. gxf7 Kxf7 41. Rc7+ Kg6 42. Ne6 Kf5 43. Nd4+ Kg6 44. Rc6+ Nf6 45. Kg2 Rb2
46. Kg3 Ra2 47. f3 h5 48. Kf4 Ra8 49. Nf5 Rf8 50. Nh4+ Kg7 51. Kg5 Nh7+ 52.
Kxh5 Nf6+ 53. Kg5 Nh7+ 54. Kg4 Nf6+ 55. Kf4 Nh5+ 56. Kg5 Ng3 57. Rc7+ Kg8 58.
Rd7 Nf1 59. Nf5 Nd2 60. Kg6 Ra8 61. Rg7+ 1-0

[Event "BL 0809 SC Kreuzberg - SV Wattenscheid"]
[Site "?"]
[Date "2009.03.01"]
[Round "13.7"]
[White "Straeter, Timo"]
[Black "Tischbierek, Raj"]
[Result "0-1"]
[WhiteElo "2303"]
[BlackElo "2459"]
[PlyCount "94"]
[EventDate "2009.??.??"]

1. d4 Nf6 2. c4 e6 3. Nc3 Bb4 4. Bg5 h6 5. Bh4 c5 6. d5 Bxc3+ 7. bxc3 d6 8. e3
e5 9. f3 Nbd7 10. Bd3 g5 11. Bf2 e4 12. Bxe4 Nxe4 13. fxe4 Nf6 14. e5 dxe5 15.
Bg3 Bg4 16. Qc2 Qe7 17. e4 O-O 18. Nf3 Bxf3 19. gxf3 Kg7 20. O-O-O Nd7 21. h4
Rh8 22. Rdg1 f6 23. Bf2 Nf8 24. hxg5 fxg5 25. f4 exf4 26. e5 Ng6 27. e6 b6 28.
Qe4 Rad8 29. Be1 Qf6 30. Bd2 Rhf8 31. Re1 Ne7 32. Rhg1 Qf5 33. Qf3 Rf6 34. Re2
Ng6 35. Rge1 Ne7 36. Re5 Qg6 37. Rg1 Kh7 38. Kb2 Rf5 39. Re2 b5 40. cxb5 Rfxd5
41. Bc1 c4 42. a4 a6 43. Ka2 axb5 44. Rgg2 Ra8 45. Ba3 Rxa4 46. Kb2 Rxa3 47.
Kxa3 Qd3 0-1

[Event "BL 0809 SC Kreuzberg - SV Wattenscheid"]
[Site "?"]
[Date "2009.03.01"]
[Round "13.8"]
[White "Berger, Steve"]
[Black "Kuipers, Stefan"]
[Result "1-0"]
[WhiteElo "2413"]
[BlackElo "2292"]
[PlyCount "31"]
[EventDate "2009.??.??"]

1. e4 c5 2. Nc3 Nc6 3. Bb5 Nd4 4. Nf3 g6 5. O-O Bg7 6. Bc4 e6 7. Nxd4 cxd4 8.
Nb5 d5 9. exd5 exd5 10. Bxd5 a6 11. Qf3 Nf6 12. Re1+ Kf8 13. Qa3+ Kg8 14. Bxf7+
Kxf7 15. Nd6+ Kf8 16. Nxb7+ 1-0

[Event "BL 0809 USV TU Dresden - Solinger SG"]
[Site "?"]
[Date "2009.03.01"]
[Round "13.1"]
[White "Stellwagen, Daniel"]
[Black "Maiwald, Jens-Uwe"]
[Result "1-0"]
[WhiteElo "2605"]
[BlackElo "2508"]
[PlyCount "75"]
[EventDate "2009.??.??"]

1. e4 c5 2. Nf3 e6 3. d4 cxd4 4. Nxd4 Nf6 5. Nc3 Nc6 6. g3 Qb6 7. Nb3 a6 8. Bg2
d6 9. a4 Qc7 10. a5 Ne5 11. O-O Bd7 12. f4 Nc4 13. Qe2 Bb5 14. Nxb5 axb5 15.
Kh1 e5 16. Nd2 Be7 17. b3 Rxa5 18. Rxa5 Nxa5 19. Qxb5+ Nc6 20. Nc4 O-O 21. Be3
Ng4 22. Bb6 Nd4 23. Qd5 Qc6 24. Qxc6 Nxc6 25. Bf3 Nf6 26. Rd1 Nd7 27. Be3 Nb4
28. c3 Nc2 29. Bf2 exf4 30. gxf4 Nc5 31. Rc1 b5 32. Nb6 Na3 33. Nd5 Bd8 34. Ra1
Nd3 35. Bg3 Nc2 36. Rd1 Nc5 37. Rc1 Na3 38. Ra1 1-0

[Event "BL 0809 USV TU Dresden - Solinger SG"]
[Site "?"]
[Date "2009.03.01"]
[Round "13.3"]
[White "Werle, Jan"]
[Black "Gauglitz, Gernot"]
[Result "1-0"]
[WhiteElo "2582"]
[BlackElo "2397"]
[PlyCount "67"]
[EventDate "2009.??.??"]

1. d4 Nf6 2. c4 g6 3. Nc3 d5 4. Bf4 Bg7 5. e3 O-O 6. Rc1 dxc4 7. Bxc4 c5 8.
dxc5 Qa5 9. Nge2 Qxc5 10. Qb3 Qa5 11. O-O Nc6 12. Rfd1 Qh5 13. Qa4 a6 14. Bg3
e5 15. Rd6 Bd7 16. Qd1 Rad8 17. a3 g5 18. Rc2 Bf5 19. Rcd2 Rc8 20. Bd3 Bxd3 21.
R2xd3 g4 22. e4 Kh8 23. Kh1 b5 24. f4 gxf3 25. Rxf3 Ng4 26. Rf5 Qxf5 27. exf5
Ne3 28. Qd3 Nc4 29. f6 Bh6 30. Rd7 Rcd8 31. b3 e4 32. Nxe4 N4e5 33. Bxe5 Nxe5
34. Rxd8 1-0

[Event "BL 0809 USV TU Dresden - Solinger SG"]
[Site "?"]
[Date "2009.03.01"]
[Round "13.4"]
[White "Hoffmann, Paul"]
[Black "Smeets, Jan"]
[Result "1/2-1/2"]
[WhiteElo "2338"]
[BlackElo "2604"]
[PlyCount "114"]
[EventDate "2009.??.??"]

1. e4 e5 2. Bc4 Nf6 3. d3 c6 4. Nf3 d5 5. Bb3 Bd6 6. Nc3 dxe4 7. Nxe4 Nxe4 8.
dxe4 O-O 9. O-O Na6 10. c3 Bg4 11. h3 Bh5 12. Qe2 Nc5 13. g4 Nxb3 14. axb3 Bg6
15. Rd1 Qe7 16. Qc4 Kh8 17. Be3 a6 18. Bb6 Rfc8 19. b4 f6 20. Nh4 Bc7 21. Bxc7
Qxc7 22. Nxg6+ hxg6 23. Qe6 Rd8 24. g5 fxg5 25. Qxg6 Qe7 26. Kg2 Qf6 27. Qxf6
gxf6 28. Kg3 Kg7 29. h4 gxh4+ 30. Kxh4 Kf7 31. Kg4 Ke6 32. Kf3 Rxd1 33. Rxd1 a5
34. bxa5 Rxa5 35. Ke3 Ra2 36. Rd2 b5 37. Kf3 Ra1 38. Ke2 Rb1 39. f3 c5 40. Ke3
c4 41. Ke2 Kf7 42. Kf2 Kg6 43. f4 exf4 44. Kf3 Rf1+ 45. Kg2 Re1 46. Kf3 f5 47.
Rd5 Rxe4 48. Rxb5 Kg5 49. Rb8 Re3+ 50. Kf2 Re6 51. Kf3 Re3+ 52. Kf2 Rh3 53.
Rg8+ Kf6 54. Rc8 Rh2+ 55. Kf3 Rxb2 56. Rxc4 Kg5 57. Rc8 Rc2 1/2-1/2